LEADER 01853nas 2200637-a 450 001 9910154355903321 005 20230301213019.0 035 $a(OCoLC)559631980 035 $a(CKB)2500000000001780 035 $a(CONSER)--2012250725 035 $a(EXLCZ)992500000000001780 100 $a20100318b19311940 --- - 101 0 $aeng 135 $aurbn||||||abp 135 $aurbn||||||ada 181 $ctxt$2rdacontent 182 $cc$2rdamedia 183 $acr$2rdacarrier 200 04$aThe American journal of cancer 210 $aLancaster, Pa. $c[publisher not identified]$d1931-1940 311 $a0099-7374 606 $aCancer$vPeriodicals 606 $aCancer$xResearch$vPeriodicals 606 $aNeoplasms$vAbstracts 606 $aNeoplasms$vPeriodicals 606 $aNeoplasms 606 $aCancer$xRecherche$vPériodiques 606 $aCancer$vPériodiques 606 $aCancer$xResearch$2fast$3(OCoLC)fst00845497 606 $aCancer$2fast$3(OCoLC)fst00845317 606 $aKanker$2gtt 608 $aAbstracts.$2fast 608 $aAbstracts 608 $aPeriodical 608 $aPeriodicals.$2fast 608 $aAbstracts.$2lcgft 608 $aRésumés analytiques.$2rvmgf 615 0$aCancer 615 0$aCancer$xResearch 615 12$aNeoplasms 615 12$aNeoplasms 615 12$aNeoplasms 615 6$aCancer$xRecherche 615 6$aCancer 615 7$aCancer$xResearch. 615 7$aCancer. 615 17$aKanker. 676 $a616.994 686 $a44.81$2bcl 712 02$aAmerican Association for Cancer Research. 712 02$aAmerican Society for the Control of Cancer. 712 02$aColumbia University.$bInstitute of Cancer Research. 906 $aJOURNAL 912 $a9910154355903321 996 $aThe American journal of cancer$92439182 997 $aUNINA LEADER 01310oam 2200373Ka 450 001 9910691901503321 005 20030801101513.0 035 $a(CKB)5470000002350404 035 $a(OCoLC)52549959 035 9 $aocm52549959 035 $a(OCoLC)995470000002350404 035 $a(EXLCZ)995470000002350404 100 $a20030703d2003 ua 0 101 0 $aspa 181 $ctxt$2rdacontent 182 $cc$2rdamedia 183 $acr$2rdacarrier 200 00$aGuia? para el ciudadano sobre solidificacion?/estabilizacion?$b[electronic resource] 210 1$aWashington, D.C. :$cE.P.A., Office of Solid Waste and Emergency Response,$d[2003] 300 $aTitle from title screen (viewed on July 3, 2003). 300 $a"January 2003." 300 $a"EPA 542-F-01-024S." 606 $aSolidification$vHandbooks, manuals, etc 606 $aSoil stabilization$zUnited States$vHandbooks, manuals, etc 608 $aHandbooks and manuals.$2lcgft 615 0$aSolidification 615 0$aSoil stabilization 712 02$aUnited States.$bEnvironmental Protection Agency.$bOffice of Solid Waste and Emergency Response. 801 0$bGPO 801 1$bGPO 906 $aBOOK 912 $a9910691901503321 996 $aGuia? para el ciudadano sobre solidificacion?$93119080 997 $aUNINA LEADER 01442nam 2200409 450 001 9910808903003321 010 $a92-0-148419-4 035 $a(CKB)4100000008699795 035 $a(MiAaPQ)EBC5633618 035 $a(EXLCZ)994100000008699795 100 $a20190821d2018 uy 0 101 0 $aeng 135 $aurcnu|||||||| 181 $ctxt$2rdacontent 182 $cc$2rdamedia 183 $acr$2rdacarrier 200 00$aAccelerator simulation and theoretical modelling of radiation effects in structural materials /$fInternational Atomic Energy Agency 210 1$aVienna :$cInternational Atomic Energy Agency,$d2018. 215 $a1 online resource (106 pages) $cillustrations 225 1 $aIAEA nuclear energy series ;$vNumber NF-T-2.2 311 $a92-0-107415-8 410 0$aIAEA nuclear energy series ;$vNumber NF-T-2.2. 606 $aAlloys$xTesting 606 $aMaterials$xEffect of radiation on 606 $aNuclear reactors$xMaterials$xTesting 615 0$aAlloys$xTesting. 615 0$aMaterials$xEffect of radiation on. 615 0$aNuclear reactors$xMaterials$xTesting. 676 $a620.1616 712 02$aInternational Atomic Energy Agency, 801 0$bMiAaPQ 801 1$bMiAaPQ 801 2$bMiAaPQ 906 $aBOOK 912 $a9910808903003321 996 $aAccelerator simulation and theoretical modelling of radiation effects in structural materials$94041715 997 $aUNINA LEADER 01776nas 2200373 n 450 001 990008892390403321 005 20240229084446.0 035 $a000889239 035 $aFED01000889239 035 $a(Aleph)000889239FED01 035 $a000889239 091 $2CNR$aP 00025163 100 $a20161109cuuuu9999km-y0itaa50------ba 101 0 $apor 110 $aauu-------- 200 1 $aAnais da Faculdade de Odontologia e Farmácia da Universidade de Minas Gerais 207 1$a0- 210 $aBelo Horizonte$c[s.n.] 530 0 $aAnais da Faculdade de Odontologia e Farmácia da Universidade de Minas Gerais 675 $a615 675 $a616.314 675 $a378.4 675 $a06.05 712 02$aUniversidade Federal de Minas Gerais$bFaculdade de Odontologia e Farmácia 801 0$aIT$bACNP$c20090723 859 4 $uhttp://acnp.cib.unibo.it/cgi-ser/start/it/cnr/dc-p1.tcl?catno=15684&person=false&language=ITALIANO&libr=&libr_th=unina1$zBiblioteche che possiedono il periodico 901 $aSE 912 $a990008892390403321 958 $aBiblioteca Centrale. Facoltà di Farmacia. Polo delle Scienze e delle Tecnologie per la Vita. Università "Federico II" Napoli$b1955;$fFFABC 959 $aFFABC 996 $aAnais da Faculdade de Odontologia e Farmácia da Universidade de Minas Gerais$9802003 997 $aUNINA AP1 8 $6866-01$aNA074 Biblioteca Centrale. Facoltà di Farmacia. Polo delle Scienze e delle Tecnologie per la Vita. Università "Federico II" Napoli$evia D. Montesano, 49, 80131 Napoli (NA)$m(081)678201/202/204$m(081) 678139$nit AP2 40$aacnp.cib.unibo.it$nACNP Italian Union Catalogue of Serials$uhttp://acnp.cib.unibo.it/cgi-ser/start/it/cnr/df-p.tcl?catno=15684&language=ITALIANO&libr=&person=&B=1&libr_th=unina&proposto=NO